[Event "GER AK-1872 email"]
[Site "GER email"]
[Date "2015.11.09"]
[Round "?"]
[White "Baatz, Ralf"]
[Black "Halfmeier, Hartmut"]
[Result "0-1"]
[WhiteElo "1724"]
[BlackElo "1663"]
[PlyCount "58"]
[EventDate "2015.11.16"]
[EventType "tourn (corr)"]
[EventRounds "6"]
[EventCountry "GER"]
[SourceTitle "Corr 2020"]
[Source "ChessBase"]
[SourceDate "2019.09.30"]
[SourceVersion "1"]
[SourceVersionDate "2019.09.30"]
[SourceQuality "1"]

1. e4 d5 2. exd5 Nf6 3. Be2 Qxd5 4. Nf3 Bg4 5. d4 Nc6 6. Be3 0-0-0 7. c4 Qa5+ 8. Nc3 e6 9. a3 Ne4 10. 0-0 Nxc3 11. bxc3 Qxc3 12. Ng5 Bxe2 13. Qxe2 Rd7 14. Rfc1 Nxd4 15. Qd1 Qb2 16. Bxd4 Qxd4 17. Qa4 Bc5 18. Rf1 Qf4 19. Nf3 c6 20. Rab1 Rhd8 21. Qb3 e5 22. Qb2 e4 23. Qe5 Qxe5 24. Nxe5 Rd2 25. a4 e3 26. fxe3 Bxe3+ 27. Kh1 f6 28. Nf3 Rc2 29. Rfe1 Rd3 0-1

[Event "Lueneburg distr-chB"]
[Site "Buxtehude"]
[Date "2005.10.19"]
[Round "7"]
[White "Baatz, Ralf"]
[Black "Sturm, Frank"]
[Result "1/2-1/2"]
[WhiteElo "1740"]
[BlackElo "1754"]
[PlyCount "46"]
[EventDate "2005.10.15"]
[EventType "swiss"]
[EventRounds "9"]
[EventCountry "GER"]
[SourceTitle "EXT 2008"]
[Source "ChessBase"]
[SourceDate "2007.11.25"]
[SourceVersion "1"]
[SourceVersionDate "2007.11.25"]
[SourceQuality "1"]

1. e4 e5 2. Nf3 Nc6 3. Bb5 a6 4. Ba4 Nf6 5. Qe2 b5 6. Bb3 Bc5 7. c3 0-0 8. 0-0 d6 9. h3 Qe7 10. d3 Be6 11. Bc2 d5 12. Bg5 h6 13. Bh4 dxe4 14. dxe4 Bc4 15. Bd3 Bxd3 16. Qxd3 Rad8 17. Qe2 Qd6 18. Nbd2 Rd7 19. Rfd1 Rfd8 20. Bxf6 Qxf6 21. Nb3 Bb6 22. Rxd7 Rxd7 23. Rd1 Qd8 1/2-1/2

[Event "Lueneburg distr-chB"]
[Site "Buxtehude"]
[Date "2005.10.17"]
[Round "4"]
[White "Baatz, Ralf"]
[Black "Guennigmann, Manuel"]
[Result "1/2-1/2"]
[WhiteElo "1740"]
[BlackElo "1859"]
[PlyCount "54"]
[EventDate "2005.10.15"]
[EventType "swiss"]
[EventRounds "9"]
[EventCountry "GER"]
[SourceTitle "EXT 2008"]
[Source "ChessBase"]
[SourceDate "2007.11.25"]
[SourceVersion "1"]
[SourceVersionDate "2007.11.25"]
[SourceQuality "1"]

1. e4 c5 2. Nc3 e6 3. g3 Nc6 4. Bg2 g6 5. d3 Bg7 6. f4 d6 7. Nf3 Nge7 8. 0-0 0-0 9. Rb1 Rb8 10. Be3 Nd4 11. Ne2 Nec6 12. c3 Nxf3+ 13. Bxf3 Qa5 14. a3 b5 15. Qd2 b4 16. axb4 cxb4 17. Ra1 bxc3 18. bxc3 Qc7 19. Ra2 Bd7 20. Rfa1 Rb7 21. Rc1 Na5 22. Qe1 Rfb8 23. Kg2 Nb3 24. Rcc2 a5 25. c4 Ra8 26. Nc3 Nd4 27. Bxd4 Bxd4 1/2-1/2